| 000 | 00848nam a2200325Ia 4500 | ||
|---|---|---|---|
| 001 | 12124 | ||
| 005 | 20240113235342.0 | ||
| 007 | ta | ||
| 008 | 051005s1997 g b000 u asm u | ||
| 020 |
_a81-7339-111-4 _cRs.50.00 |
||
| 040 | _aCotton College,Assam | ||
| 041 | _aasm | ||
| 082 |
_a370.954 _bSh 11 Bh |
||
| 100 | _aSarma, Tarun Kumar . | ||
| 245 | 0 |
_aBharatar Sikshar Buranji / _cTarun Kumar Sarma. _hTextual Documents |
|
| 250 | _a4th ed. / | ||
| 260 |
_aGuwahati : _bBanalata , _c1997. |
||
| 300 |
_a222p. ; _c22cm. |
||
| 365 | _aRs.50.00 | ||
| 653 | _aEducation | ||
| 653 | _aEducation-India | ||
| 653 | _aEducational History | ||
| 653 | _aG-Education | ||
| 653 | _aDeptt.-Education | ||
| 942 |
_2ddc _cBK |
||
| 999 |
_c12111 _d12111 |
||